| 000 | 00746nam a22002057a 4500 | ||
|---|---|---|---|
| 008 | 081020t xxu||||| |||| 00| 0 eng d | ||
| 010 | _aENG-84081 | ||
| 020 | _a817829876X | ||
| 020 | _c220.00 (hb) | ||
| 035 | _aEN-67614 | ||
| 082 | _a340.0711 | ||
| 100 | _aBhatia, K L | ||
| 245 |
_aLegal justice education: _bvision plan for legal schools / _cby K L Bhatia |
||
| 260 |
_aNew Delhi _bDeep and Deep Publications |
||
| 260 | _c2006 | ||
| 300 |
_axiv,98p _c22cm |
||
| 500 | _aIncludes bibliographical references and index | ||
| 942 |
_2ddc _cEN _h340.0711 _mBHA |
||
| 999 |
_c17048 _d17048 |
||